Kabale University Library Catalogue

Normal view MARC view
  • Americanisms

Entry Topical Term

Number of records used in: 1

001 - CONTROL NUMBER

  • control field: 5383

003 - CONTROL NUMBER IDENTIFIER

  • control field: OSt

005 - DATE AND TIME OF LATEST TRANSACTION

  • control field: 20201012082443.0

008 - FIXED-LENGTH DATA ELEMENTS

  • fixed length control field: 201012|| aca||aabn | a|a d

040 ## - CATALOGING SOURCE

  • Original cataloging agency: OSt
  • Transcribing agency: OSt

150 ## - HEADING--TOPICAL TERM

  • Topical term or geographic name entry element: Americanisms

670 ## - SOURCE DATA FOUND

  • Source citation: Work cat.: (OSt)0: Dillard, J. L. (Joey Lee), 1924- Author. 5381, All-American English /, 1976, c1975.

Kabale University Library | Kabale University P.O Box 317, Kabale, Uganda
Tel : +256754017033, +256774661503 E-mail : library@kab.ac.ug